[Event "NED-ch06 email"]
[Site "Netherland email"]
[Date "2003.09.15"]
[Round "?"]
[White "Faber, Krine A"]
[Black "Marell, GJ."]
[Result "1/2-1/2"]
[WhiteElo "2285"]
[BlackElo "2200"]
[PlyCount "71"]
[EventDate "2003.09.15"]
[EventType "tourn (corr)"]
[EventRounds "12"]
[EventCountry "NED"]
[SourceTitle "Corr 2006"]
[Source "ChessBase"]
[SourceDate "2006.04.01"]
[SourceVersion "3"]
[SourceVersionDate "2006.04.01"]
[SourceQuality "1"]

1. e4 c5 2. Nf3 Nc6 3. d4 cxd4 4. Nxd4 Nf6 5. Nc3 e5 6. Ndb5 d6 7. Bg5 a6 8. Na3 b5 9. Nd5 Be7 10. Bxf6 Bxf6 11. c3 Ne7 12. Nxf6+ gxf6 13. Bd3 d5 14. Qe2 d4 15. cxd4 Qxd4 16. 0-0 Ng6 17. Rad1 Qb6 18. Qe3 Qxe3 19. fxe3 0-0 20. Rxf6 Be6 21. b3 Rfd8 22. Rf2 Rd6 23. Rff1 Rc8 24. Be2 Rdc6 25. Rd2 Kg7 26. Kf2 h6 27. Rfd1 Nf8 28. h3 Nh7 29. Bd3 Ng5 30. Ke1 Rd6 31. b4 h5 32. h4 Nh7 33. Bb1 Rdc6 34. Rd6 Nf6 35. Rxc6 Rxc6 36. Kd2 1/2-1/2

[Event "NED-ch06 email"]
[Site "Netherland email"]
[Date "2003.09.15"]
[Round "?"]
[White "Marell, GJ."]
[Black "Van der Houwen, Peter J"]
[Result "1/2-1/2"]
[WhiteElo "2200"]
[BlackElo "2456"]
[PlyCount "67"]
[EventDate "2003.09.15"]
[EventType "tourn (corr)"]
[EventRounds "12"]
[EventCountry "NED"]
[SourceTitle "Corr 2006"]
[Source "ChessBase"]
[SourceDate "2006.04.01"]
[SourceVersion "3"]
[SourceVersionDate "2006.04.01"]
[SourceQuality "1"]

1. e4 e6 2. d4 d5 3. e5 c5 4. c3 Nc6 5. Nf3 Qb6 6. a3 Bd7 7. b4 cxd4 8. cxd4 Nge7 9. Nc3 Nf5 10. Na4 Qd8 11. Nc5 Bxc5 12. dxc5 Nh4 13. Bb2 0-0 14. Nxh4 Qxh4 15. Be2 Qe4 16. f3 Qh4+ 17. g3 Qh3 18. Bf1 Qf5 19. Qd3 Nxe5 20. Qxf5 exf5 21. Bxe5 Rae8 22. f4 f6 23. Bg2 Bc6 24. b5 Bxb5 25. Kf2 fxe5 26. Bxd5+ Kh8 27. Bxb7 Re7 28. c6 exf4 29. Rhd1 fxg3+ 30. hxg3 f4 31. Rac1 fxg3+ 32. Kxg3 Re3+ 33. Kg2 Bxc6+ 34. Rxc6 1/2-1/2